000 00693nam a2200229Ia 4500
003 OSt
005 20220923212206.0
006 a|||||r|||| 00| 0
007 ta
008 220922b |||||||| |||| 00| 0 hin d
024 _a151,578
037 _cTextual
040 _aARTS
_cARTS
_bhin
041 _2hin
_ahin
082 _aDelta2xM72x, 152L3
100 _aभट्टाचार्य, अभय चन्द्र
_9162289
245 0 _aअरविंद दर्शन
246 _aAravianda darshana
260 _c1973
942 _hDelta2xM72x, 152L3
_cTEXL
_2CC
999 _c307251
_d307251